| 000 | 01564nam0a2200349 4500 | ||
|---|---|---|---|
| 001 | RU\NLR\BIBL_A\012591635 | ||
| 005 | 20211118145110.0 | ||
| 010 |
_a978-5-389-19229-4 _94000 |
||
| 021 |
_aRU _bКН-П-21-030800 _9КН-П-21-2388 |
||
| 035 | _a(NLR Aleph) 012591635 | ||
| 090 |
_a12553931 _c12553931 |
||
| 100 | _a20210906d2021 u y0rusy50 ca | ||
| 101 | 0 | _arus | |
| 102 | _aRU | ||
| 105 | _ay|||z|||000gy | ||
| 181 | 0 |
_ai4 _bab2e |
|
| 182 | 0 | _an | |
| 200 | 1 |
_a"Не верь разлукам, старина..." _e[стихотворения] _fЮрий Визбор |
|
| 203 |
_aТекст _bвизуальный _cнепосредственный |
||
| 210 |
_aСанкт-Петербург _cАзбука _cАзбука-Аттикус _d2021 |
||
| 215 |
_a397, [3] с. _d17 |
||
| 225 | 1 | _aАзбука-поэзия | |
| 300 | _aДр. работы авт. на 4-й с. обл., в аннот. и на пояске | ||
| 309 | _aКн. в пояске | ||
| 327 | 1 | _aСодерж.: Начало; Подарите мне море; Романтики; Синие горы; Женщина; Ночной полет; Наполним музыкой сердца; Военные фотографии; У нас еще все впереди; Какое небо над Москвой; Рассказы | |
| 686 | 2 | _aШ6(2=Р)75-5 | |
| 700 | 1 |
_aВизбор _bЮ.И. _f1934-1984 _gЮрий Иосифович _3RU\NLR\AUTH\7756560 |
|
| 942 | _cBOOK | ||
| 980 | _aNB | ||